5HLuxD.jpg

KING HENRY VIII SENIOR AND PRIMARY SCHOOL LIBRARY OPAC

How to be a viking / (Record no. 1539)

000 -LEADER
fixed length control field 01586cam a22004097i 4500
001 - CONTROL NUMBER
control field 18280996
003 - CONTROL NUMBER IDENTIFIER
control field OSt
005 - DATE AND TIME OF LATEST TRANSACTION
control field 20230112090650.0
007 - PHYSICAL DESCRIPTION FIXED FIELD--GENERAL INFORMATION
fixed length control field sd fungnnmmneu
008 - FIXED-LENGTH DATA ELEMENTS--GENERAL INFORMATION
fixed length control field 140826t20142000nyua j 000 1 eng d
010 ## - LIBRARY OF CONGRESS CONTROL NUMBER
LC control number 2014427515
020 ## - INTERNATIONAL STANDARD BOOK NUMBER
International Standard Book Number 9780316286350
035 ## - SYSTEM CONTROL NUMBER
System control number (OCoLC)ocn860755440
040 ## - CATALOGING SOURCE
Original cataloging agency YDXCP
Language of cataloging eng
Transcribing agency YDXCP
Description conventions rda
Modifying agency BTCTA
-- BDX
-- MLY
-- JBL
-- IK2
-- FOLLT
-- PZT
-- OCLCQ
-- OCLCO
-- OCLCF
-- OCLCQ
-- OCLCA
-- DLC
-- KH8
082 ## - DEWEY DECIMAL CLASSIFICATION NUMBER
Classification number 823.92 COW
100 1# - MAIN ENTRY--PERSONAL NAME
Personal name Cowell, Cressida,
Relator term author.
240 10 - UNIFORM TITLE
Uniform title Hiccup, the Viking who was seasick
245 10 - TITLE STATEMENT
Title How to be a viking /
Statement of responsibility, etc. by Cressida Cowell.
250 ## - EDITION STATEMENT
Edition statement First U.S. edition.
264 #1 - PRODUCTION, PUBLICATION, DISTRIBUTION, MANUFACTURE, AND COPYRIGHT NOTICE
Place of production, publication, distribution, manufacture New York :
Name of producer, publisher, distributor, manufacturer Little, Brown and Company,
Date of production, publication, distribution, manufacture, or copyright notice 2014.
264 #4 - PRODUCTION, PUBLICATION, DISTRIBUTION, MANUFACTURE, AND COPYRIGHT NOTICE
Date of production, publication, distribution, manufacture, or copyright notice ©2000
300 ## - PHYSICAL DESCRIPTION
Extent 1 volume (unpaged) :
Other physical details color illustrations ;
Dimensions 26 cm +
336 ## - CONTENT TYPE
Content type term text
-- spoken word
Source rdacontent
336 ## - CONTENT TYPE
Content type term still image
Source rdacontent
337 ## - MEDIA TYPE
Media type term unmediated
-- audio
Source rdamedia
338 ## - CARRIER TYPE
Carrier type term volume
-- audio disc
Source rdacarrier
500 ## - GENERAL NOTE
General note Originally published in paperback by Hodder Children's Books as Hiccup: The Viking Who Was Seasick.
500 ## - GENERAL NOTE
General note Includes audio CD of the author reading the story aloud.
520 ## - SUMMARY, ETC.
Summary, etc. Unlike his large and brave fellow Vikings, Hiccup is small and afraid of everything until he helps steer his ship to safety during a storm.
650 ## - SUBJECT ADDED ENTRY--TOPICAL TERM
General subdivision Fear
650 ## - SUBJECT ADDED ENTRY--TOPICAL TERM
General subdivision Fear Juvenile fiction
650 ## - SUBJECT ADDED ENTRY--TOPICAL TERM
General subdivision Fear Fiction
906 ## - LOCAL DATA ELEMENT F, LDF (RLIN)
a 7
b cbc
c copycat
d 4
e ncip
f 20
g y-gencatlg
942 ## - ADDED ENTRY ELEMENTS (KOHA)
Source of classification or shelving scheme
Koha item type Books - Non Ficton
Holdings
Withdrawn status Lost status Source of classification or shelving scheme Damaged status Not for loan Collection code Permanent Location Current Location Shelving location Date acquired Total Checkouts Full call number Barcode Date last seen Date last checked out Price effective from Koha item type
          Non-Fiction KH8 Primary School Library KH8 Primary School Library Fiction 2023-01-12 3 823.92 COW KHPL000003303 2025-12-05 2023-03-28 2023-01-12 Books - Non Ficton

Powered By KH8 IT Dept